000 00775nam a2200229Ii 4500
003 JO-AjNU
008 230605s9999||||xx |||||||||||||| ||und||
017 _a342/2/2002
020 _a978-9957-07-185-8
040 _aJO-AjNU
_bara
_erda
_cJO-AjNU
041 _aara
050 1 4 _aLB1137.A53 2011
100 3 _aالعناني، حنان عبد الحميد,
_eauthor
_942817
245 0 0 _aاللعب عند الأطفال:الأسس النظرية والتطبيقية
250 _aط6
264 3 1 _aعمان:دار الفكر،2011
300 _a292ص
336 _atext
_btxt
_2rdacontent
337 _aunmediated
_bn
_2rdamedia
338 _avolume
_bnc
_2rdacarrier
650 4 _aلعب الأطفال-اللعب التعليمية. أطفال-رعاية.
_942818
999 _aA18362
_c21930
_d21930